[Event "Vallfogona rapid op 27th"]
[Site "Vallfogona de Balaguer"]
[Date "2019.09.22"]
[Round "3"]
[White "Velez Romero, Juan Luis"]
[Black "Martin Duque, Jesus"]
[Result "0-1"]
[WhiteElo "2040"]
[BlackElo "2373"]
[PlyCount "146"]
[EventDate "2019.09.22"]
[EventType "swiss (rapid)"]
[EventRounds "9"]
[EventCountry "ESP"]
[SourceTitle "EXT 2020"]
[Source "ChessBase"]
[SourceDate "2019.10.17"]
[SourceVersion "1"]
[SourceVersionDate "2019.10.17"]
[SourceQuality "1"]

1. d4 Nf6 2. Nf3 b6 3. e3 Bb7 4. c4 g6 5. Nc3 Bg7 6. Be2 0-0 7. 0-0 d5 8. Qb3 dxc4 9. Qxc4 Ne4 10. Nxe4 Bxe4 11. Bd2 Nd7 12. Bb4 Rc8 13. Qb3 c5 14. Bc3 cxd4 15. Bxd4 Nc5 16. Qd1 Bxf3 17. Bxf3 Bxd4 18. exd4 Ne6 19. d5 Nc5 20. b4 Nb7 21. Qb3 Nd6 22. Rac1 Qd7 23. Rc6 Nf5 24. Qc4 Nd6 25. Qd3 Rc7 26. Rfc1 Rfc8 27. b5 Nb7 28. Qe3 Nc5 29. h4 Qf5 30. h5 Rxc6 31. bxc6 Rc7 32. h6 Qf6 33. Rd1 Kf8 34. Rd4 e5 35. dxe6 Nxe6 36. Rd7 Rxd7 37. cxd7 Ke7 38. Qa3+ Nc5 39. Qxa7 Nxd7 40. Qa3+ Qd6 41. Qe3+ Qe5 42. Qa3+ Qc5 43. Qb2 Ne5 44. Be4 Ng4 45. Qd2 Qd6 46. Qg5+ Nf6 47. Bf3 Qc5 48. Qd2 Nd7 49. Qe2+ Ne5 50. g3 Kd6 51. Qd2+ Kc7 52. Bg2 Qd6 53. Qc2+ Kd7 54. Qa4+ Ke7 55. Qh4+ Kf8 56. Qa4 g5 57. Qa8+ Ke7 58. Qb7+ Kf6 59. Be4 g4 60. Kg2 Kg5 61. Bxh7 Qxh6 62. Be4 Qd6 63. Qd5 Qf6 64. Qd2+ Kh5 65. Qe1 Kh6 66. Qe3+ Kg7 67. a4 Qd6 68. Qf4 Kf8 69. Qf5 Ke7 70. Qg5+ Kd7 71. Bf5+ Kc7 72. Bxg4 Qd5+ 73. Kh3 Qh1# 0-1

[Event "Barcelona Christmas FM"]
[Site "Barcelona"]
[Date "2018.12.28"]
[Round "2.3"]
[White "Monclus Domingo, Angel"]
[Black "Velez Romero, Juan Luis"]
[Result "1/2-1/2"]
[WhiteElo "2099"]
[BlackElo "2035"]
[PlyCount "41"]
[EventDate "2018.12.27"]
[EventType "swiss"]
[EventRounds "9"]
[EventCountry "ESP"]
[SourceTitle "EXT 2024"]
[Source "ChessBase"]
[SourceDate "2023.10.10"]
[SourceVersion "1"]
[SourceVersionDate "2023.10.10"]
[SourceQuality "1"]

1. d4 Nf6 2. Nf3 c5 3. e3 g6 4. c4 Bg7 5. Nc3 0-0 6. Be2 cxd4 7. exd4 d5 8. 0-0 Nc6 9. Bg5 Ne4 10. cxd5 Nxg5 11. dxc6 Nxf3+ 12. Bxf3 bxc6 13. d5 cxd5 14. Qxd5 Rb8 15. Rfd1 Qb6 16. Qg5 Bf6 17. Qf4 Be6 18. Bd5 Bxd5 19. Nxd5 Qxb2 20. Nxf6+ exf6 21. Qd4 1/2-1/2

[Event "Barcelona Electrica de Baleares"]
[Site "Barcelona"]
[Date "2018.10.27"]
[Round "5"]
[White "Velez Romero, Juan Luis"]
[Black "Garcia Playa, David"]
[Result "1/2-1/2"]
[WhiteElo "2035"]
[BlackElo "2053"]
[PlyCount "33"]
[EventDate "2018.09.22"]
[EventType "tourn"]
[EventRounds "9"]
[EventCountry "ESP"]
[SourceTitle "CBM 187 Extra"]
[Source "ChessBase"]
[SourceDate "2018.11.04"]
[SourceVersion "1"]
[SourceVersionDate "2018.11.04"]
[SourceQuality "1"]

1. d4 Nf6 2. Nf3 e6 3. Bg5 Be7 4. Nbd2 0-0 5. e3 b6 6. Bd3 c5 7. c4 Bb7 8. 0-0 d6 9. e4 Nc6 10. d5 Nb4 11. Bb1 Nfxd5 12. exd5 Bxg5 13. Nxg5 Qxg5 14. Ne4 Qe7 15. dxe6 Qxe6 16. Ng5 Qh6 17. Nxh7 1/2-1/2

[Event "Barcelona Electrica de Baleares"]
[Site "Barcelona"]
[Date "2018.10.06"]
[Round "3"]
[White "Del Amo Carbo, Jordi"]
[Black "Velez Romero, Juan Luis"]
[Result "1-0"]
[WhiteElo "2153"]
[BlackElo "2035"]
[PlyCount "103"]
[EventDate "2018.09.22"]
[EventType "tourn"]
[EventRounds "9"]
[EventCountry "ESP"]
[SourceTitle "CBM 187 Extra"]
[Source "ChessBase"]
[SourceDate "2018.11.04"]
[SourceVersion "1"]
[SourceVersionDate "2018.11.04"]
[SourceQuality "1"]

1. d4 Nf6 2. c4 c5 3. d5 e5 4. Nc3 d6 5. e4 Be7 6. Bd3 Nbd7 7. Nge2 Nf8 8. f3 h5 9. Be3 h4 10. Qd2 Ng6 11. a3 Nh7 12. Nd1 Bg5 13. Bxg5 Nxg5 14. h3 Qf6 15. Nf2 Nf4 16. Nxf4 exf4 17. Bc2 Bd7 18. Nd3 Bxh3 19. Rxh3 Nxh3 20. gxh3 g5 21. Ba4+ Kf8 22. Nf2 Qe7 23. Kf1 f6 24. Ng4 Kg7 25. Re1 a6 26. Qd3 Rab8 27. Bc2 Qf7 28. Qc3 Rhe8 29. b4 b6 30. a4 Rbc8 31. Bd3 Re7 32. Rb1 b5 33. axb5 axb5 34. bxc5 Rxc5 35. Rxb5 Rc8 36. c5 dxc5 37. Rxc5 Rxc5 38. Qxc5 Rd7 39. Qd4 Rd6 40. Bc4 Qe7 41. e5 fxe5 42. Nxe5 Qf6 43. Qe4 Rd8 44. Ng4 Qa1+ 45. Kg2 Qb2+ 46. Be2 Ra8 47. Qe7+ Kh8 48. Nf6 Qc2 49. Qe5 Qg6 50. d6 Qg7 51. d7 Rf8 52. Bc4 1-0

[Event "Reykjavik op"]
[Site "Reykjavik"]
[Date "2018.03.11"]
[Round "6"]
[White "Huber Delle, Guenther"]
[Black "Velez Romero, Juan Luis"]
[Result "0-1"]
[WhiteElo "1665"]
[BlackElo "1981"]
[PlyCount "26"]
[EventDate "2018.03.06"]
[EventType "swiss"]
[EventRounds "9"]
[EventCountry "ISL"]
[SourceTitle "CBM 183 Extra"]
[Source "ChessBase"]
[SourceDate "2018.04.19"]
[SourceVersion "1"]
[SourceVersionDate "2018.04.19"]
[SourceQuality "1"]

1. e4 c5 2. Ne2 d6 3. Nbc3 Nf6 4. g3 g6 5. Bg2 Bg7 6. 0-0 0-0 7. f4 Nc6 8. h3 Rb8 9. a4 Bd7 10. Kh2 a6 11. d4 cxd4 12. Nxd4 Nxd4 13. Qxd4 Ng4+ 0-1

[Event "Reykjavik op"]
[Site "Reykjavik"]
[Date "2018.03.07"]
[Round "2"]
[White "Shailesh, Dravid"]
[Black "Velez Romero, Juan Luis"]
[Result "1/2-1/2"]
[WhiteElo "2246"]
[BlackElo "1981"]
[PlyCount "60"]
[EventDate "2018.03.06"]
[EventType "swiss"]
[EventRounds "9"]
[EventCountry "ISL"]
[SourceTitle "CBM 183 Extra"]
[Source "ChessBase"]
[SourceDate "2018.04.19"]
[SourceVersion "1"]
[SourceVersionDate "2018.04.19"]
[SourceQuality "1"]

1. e4 c5 2. b4 b6 3. bxc5 bxc5 4. Nc3 e6 5. Nf3 Nc6 6. Rb1 Be7 7. Bc4 Nf6 8. e5 Ng4 9. Qe2 f6 10. Qe4 f5 11. Qe2 0-0 12. 0-0 Qc7 13. Re1 Rb8 14. Nb5 Qd8 15. Rb3 Na5 16. h3 Nxb3 17. axb3 Nh6 18. d4 cxd4 19. Nfxd4 Bc5 20. Rd1 Qh4 21. c3 Nf7 22. b4 Bb6 23. Nxf5 Qxf2+ 24. Qxf2 Bxf2+ 25. Kxf2 Nxe5 26. Be2 Rxf5+ 27. Ke1 Ba6 28. Nd6 Bxe2 29. Kxe2 Rff8 30. Be3 a6 1/2-1/2

[Event "EU-ch rapid"]
[Site "Katowice"]
[Date "2017.12.16"]
[Round "2"]
[White "Velez Romero, Juan Luis"]
[Black "Kazakouski, Valery"]
[Result "0-1"]
[WhiteElo "1958"]
[BlackElo "2422"]
[PlyCount "62"]
[EventDate "2017.12.16"]
[EventType "swiss (rapid)"]
[EventRounds "11"]
[EventCountry "POL"]
[SourceTitle "CBM 182 Extra"]
[Source "ChessBase"]
[SourceDate "2018.02.23"]
[SourceVersion "1"]
[SourceVersionDate "2018.02.23"]
[SourceQuality "1"]

1. d4 Nf6 2. Nf3 e6 3. e3 c5 4. Bd3 b6 5. Nbd2 Bb7 6. 0-0 Be7 7. b3 0-0 8. Bb2 Nc6 9. a3 cxd4 10. exd4 Nd5 11. Re1 Nf4 12. Bf1 Ng6 13. g3 f5 14. Bg2 Bf6 15. Ne5 Na5 16. Ndc4 Bxg2 17. Kxg2 Nxc4 18. Nxc4 Qc7 19. f4 b5 20. Ne5 Rac8 21. Rc1 Ne7 22. Qe2 Rb8 23. Red1 Rfc8 24. Rd3 a5 25. Rc3 Qb7+ 26. Qf3 Nd5 27. Rxc8+ Rxc8 28. Kg1 d6 29. Nd3 Qb6 30. Qf2 Nc3 31. Nc5 Bxd4 0-1

[Event "Foment Martinenc op-A 17th"]
[Site "Barcelona"]
[Date "2015.04.25"]
[Round "1"]
[White "Velez Romero, Juan Luis"]
[Black "Gonzalez Perez, Arian"]
[Result "0-1"]
[WhiteElo "1991"]
[BlackElo "2439"]
[PlyCount "50"]
[EventDate "2015.04.25"]
[EventType "swiss"]
[EventRounds "9"]
[EventCountry "ESP"]
[SourceTitle "EXT 2017"]
[Source "ChessBase"]
[SourceDate "2016.10.25"]
[SourceVersion "1"]
[SourceVersionDate "2016.10.25"]
[SourceQuality "1"]

1. d4 d5 2. Nf3 Nf6 3. e3 Bf5 4. Ne5 Nbd7 5. g4 Nxe5 6. gxf5 Neg4 7. Bh3 Nh6 8. Nc3 g6 9. fxg6 hxg6 10. Qf3 c6 11. Bd2 e6 12. a3 Nf5 13. Bxf5 exf5 14. Qg2 Bd6 15. f4 Qe7 16. 0-0-0 b5 17. Na2 a5 18. Kb1 Kd7 19. Bc1 b4 20. a4 Qe4 21. Qd2 Rh3 22. Rhg1 Rah8 23. Rg2 Ng4 24. Rdg1 Rxh2 25. b3 R8h3 0-1

[Event "Foment Martinenc op-A 15th"]
[Site "Barcelona"]
[Date "2013.04.20"]
[Round "1"]
[White "Velez Romero, Juan Luis"]
[Black "Amigo Villalta, Jordi"]
[Result "0-1"]
[WhiteElo "1975"]
[BlackElo "2207"]
[PlyCount "95"]
[EventDate "2013.04.20"]
[EventType "swiss"]
[EventRounds "9"]
[EventCountry "ESP"]
[SourceTitle "CBM 154 Extra"]
[Source "ChessBase"]
[SourceDate "2013.06.25"]
[SourceVersion "2"]
[SourceVersionDate "2013.06.25"]
[SourceQuality "1"]

1. d4 d5 2. Nf3 Nf6 3. e3 e6 4. Bd3 Bd6 5. Nbd2 Nbd7 6. c4 c6 7. 0-0 0-0 8. b3 b6 9. Bb2 Bb7 10. Ne5 c5 11. f4 Ne4 12. Qc2 Nxd2 13. Qxd2 f6 14. Nxd7 Qxd7 15. Qe2 Rac8 16. Rad1 Qe7 17. e4 cxd4 18. exd5 exd5 19. Qxe7 Bxe7 20. Bxd4 Rfd8 21. cxd5 Bxd5 22. Bf5 Rc6 23. Be3 g6 24. Rxd5 Rxd5 25. Be4 Rcd6 26. Bxd5+ Rxd5 27. Rc1 Rd7 28. Kf2 Ba3 29. Rc2 Kf7 30. Ke2 Ke6 31. g4 h5 32. h3 hxg4 33. hxg4 f5 34. Rc6+ Bd6 35. g5 Rh7 36. a4 Kd5 37. Rc4 Rh2+ 38. Kd3 Bc5 39. Bd2 Rh3+ 40. Kc2 a6 41. Kb2 Rh2 42. Kc1 Rh1+ 43. Kb2 b5 44. axb5 axb5 45. Rc2 Rh2 46. Kb1 Bd4 47. Bc1 Rxc2 48. Kxc2 0-1